Central Library OPAC University of Rajshahi

Abstract harmonic analysis / (Record no. 6532)

MARC details
000 -LEADER
fixed length control field 00895nam a2200289 a 4500
001 - CONTROL NUMBER
control field 6532
003 - CONTROL NUMBER IDENTIFIER
rucl marc code BD-RjUL
005 - DATE AND TIME OF LATEST TRANSACTION
control field 20211208234248.0
008 - FIXED-LENGTH DATA ELEMENTS--GENERAL INFORMATION
fixed length control field 170504s1963 wb 001 0 eng d
035 ## - SYSTEM CONTROL NUMBER
System control number (BD-RjUL)6573
040 ## - CATALOGING SOURCE
Original cataloging agency UkOxU
Language of cataloging eng
Transcribing agency UkOxU
Modifying agency BD-RjUL
041 ## - LANGUAGE CODE
Language code of text/sound track or separate title eng
082 04 - DEWEY DECIMAL CLASSIFICATION NUMBER
Edition number 23
Classification number 515.2433
Author mark and year HEA 1963
100 1# - MAIN ENTRY--PERSONAL NAME
Personal name Hewitt, Edwin.
9 (RLIN) 20567
245 10 - TITLE STATEMENT
Title Abstract harmonic analysis /
Statement of responsibility, etc. by Edwin Hewitt and Kenneth A. Ross
260 ## - PUBLICATION, DISTRIBUTION, ETC. (IMPRINT)
Place of publication, distribution, etc. Berlin :
Name of publisher, distributor, etc. Springer-Verlag,
Date of publication, distribution, etc. c1963.
300 ## - PHYSICAL DESCRIPTION
Pagination v. ;
Size 24 cm
490 1# - SERIES STATEMENT
Series statement Grundlehren der mathematischen Wissenschaften ;
Volume/sequential designation bd.115
504 ## - BIBLIOGRAPHY, ETC. NOTE
Bibliography, etc Includes bibliography & indexes
505 ## - FORMATTED CONTENTS NOTE
Formatted contents note Vol. 1 --
650 #0 - SUBJECT ADDED ENTRY--TOPICAL TERM
Topical term or geographic name as entry element Harmonic analysis
9 (RLIN) 20535
Topical term or geographic name as entry element Mathematics
9 (RLIN) 157250
700 1# - ADDED ENTRY--PERSONAL NAME
Personal name Ross, Kenneth A.
830 #0 - SERIES ADDED ENTRY--UNIFORM TITLE
Volume number/sequential designation bd.115
Uniform title Grundlehren der mathematischen Wissenschaften ;
942 ## - ADDED ENTRY ELEMENTS (KOHA)
Source of classification or shelving scheme Dewey Decimal Classification
Koha item type Books
Holdings
Lost status Source of classification or shelving scheme Damaged status Not for loan Permanent Location Current Location Shelving location Date acquired Source of acquisition Cost, normal purchase price Total Checkouts Full call number Date last seen Copy number Koha item type Collection code
  Dewey Decimal Classification     Central Library, University of Rajshahi Central Library, University of Rajshahi   12/09/1964 Zeitlinger 138.00   515.2433 HEA V-1 1963 11/01/2014 C-3 Books  
  Dewey Decimal Classification     Central Library, University of Rajshahi Central Library, University of Rajshahi   12/09/1964 Zeitlinger 138.00   515.2433 HEA V-1 1963 28/08/2016 C-2 Books Non-fiction
  Dewey Decimal Classification   Not For Loan Central Library, University of Rajshahi Central Library, University of Rajshahi Reading Room 31/12/1968 Zeitlinger 326.00   515.2433 HEA V-1 1963 13/04/2017 C-1 Books Non-fiction